000 00318nam a2200133Ia 4500
008 191201s2012 xx 000 0 und d
100 _aUPADHYAY, AK
245 0 _aSoil and Foundation Engineering
250 _aRep
260 _aN. Delhi
_bS.K.Kataria
_c2012
300 _a298
650 _aB.Tech(CE)
942 _2ddc
_cBK
999 _c5424
_d5424